000 01504cam a22003251 4500
001 21937
003 BD-RjUL
005 20211209000740.0
008 140306r19491909enk b 000 0 eng
035 _a(BD-RjUL) 22002
035 _a(OCoLC)3723758
040 _aDLC
_cNcRS
_dNcRS
_dDLC
_dBD-RjUL
_beng
041 _aeng
082 _a882.4
_bARP V-1 1949
100 1 _aAristophanes.
_967726
245 1 4 _aThe plays of Aristophanes /
_b[by] Aristophanes, founded by J. M. Dent and edited by Ernest Rhys.
_nVolume One
260 _aLondon ;
_aNew York :
_bDent ;
_bDutton,
_c[Reprinted 1949].
300 _a2 v. ;
_c18 cm.
490 0 _aEveryman's library. Classical
_v[344, 516]
500 _aReprint of two earlier volumes, The Acharnians and two other plays of Aristophanes, tr. by J. Hookham Frere (London, 1909) and The frogs and three other plays of Aristophanes, tr. by Frere, Hickie, Mitchell and Cumberland (London, 1911) here issued together with general t.-p., as one work.
500 _aIntroduction, v. 1, by John P. Maine, v. 2, by John Hookham Frere.
504 _aIncludes bibliography: v. 1, p. xii (repeated, v. 2, p. xlii)
505 0 _aI. The Acharnians. The knights. The birds. The peace.--II. The frogs. The trial of Euripides, "The Thesmophorians." The clouds. The wasps.
600 0 0 _aAristophanes
_967729
651 0 _aAthens (Greece)
_vDrama.
_958572
655 7 _aComedies.
_2gsafd
_967730
942 _2ddc
_cBK
999 _c21937
_d21937